Personnage de la guerre des clans cycle 1,Livre 1,2,3 - Statistiques

Statistiques générales
  • Ce quiz a été pris 73 fois
    71 depuis la dernière actualisation
  • Le résultat moyen est 35 sur 81
Statistiques - réponses
Réponse % Correct
Nuage de feu
100%
Étoile Bleue
93%
Griffe de tigre
86%
Nuage gris
82%
Coeur de lion
75%
Croc jaune
75%
Nuage de jais
71%
Nuage de sable
71%
Petite Feuille
71%
Éclair noir
68%
Longue plume
68%
Princesse
68%
Tornade blanche
68%
Vif-argent
68%
Étoile filante
64%
Nuage de poussière
64%
Plume Rousse
64%
Poil de souris
64%
Bouton-d'or
61%
Étoile balafrée
61%
Nuage cendré
61%
Lune noire
57%
Nuage blanc
57%
Un-oeil
57%
Étoile Brisée
54%
Gerboise
54%
Nuage de fougère
54%
Petite oreille
54%
Plume blanche
54%
Plume cendrée
54%
Pomme de pin
54%
Demi-Queue
50%
Fleur de saule
50%
Nuage d'épines
50%
Patte folle
50%
Pelage de silex
50%
Coeur de chêne
46%
Ficelle
46%
Moustache
46%
Patte noire
46%
Pelage de givre
46%
Rivière d'argent
46%
Nuage agile
43%
Patte de brume
43%
Perce-neige
43%
Rhume des foins
43%
Taches de Léopard
43%
Griffe de pierre
39%
Patte de pierre
39%
Lac de givre
36%
Museau Balafré
36%
Belle de jour
32%
Petit nuage
32%
Écorce de chêne
25%
Griffe blanche
25%
Griffe noire
25%
Oreille balafrée
25%
Flèche grise
21%
Fleur de pavot
21%
Nuage noir
21%
Oeil de faucon
21%
Orage du matin
21%
Patte cendrée
21%
Petite queue
21%
Petit nuage
21%
Petit orage
21%
Reine-des-prés
21%
Reine-des-prés
21%
Aile de corbeau
18%
Nuage brun
18%
Nuage roux
18%
Ventre affamé
18%
Fleur de jais
14%
Gros nuage
14%
Nuage d'argent
14%
Nuage de chêne
14%
Nuage de pluie
14%
Nuage d'ombre
14%
Goutte de pluie
11%
Nuage vif
11%
Pelage cendré
11%
Aucun quiz correspondant
Distribution des résultats
% des personnes avec chaque résultat
Percentile par nombre de réponses
Votre historique - résultats
Vous n’avez pas pris ce quiz depuis la dernière actualisation